Gorbachov (Record no. 7170)

MARC details
000 -LEADER
campo de control de longitud fija 00808nam a2200241 i 4500
001 - NÚMERO DE CONTROL
campo de control 7170
003 - IDENTIFICADOR DE NÚMERO DE CONTROL
campo de control ES-MaACL
005 - FECHA Y HORA DE LA ÚLTIMA TRANSACCIÓN
campo de control 20230906145157.0
007 - CAMPO FIJO DE DESCRIPCIÓN FÍSICA--INFORMACIÓN GENERAL
campo de control de longitud fija t|
008 - DATOS DE LONGITUD FIJA--INFORMACIÓN GENERAL
campo de control de longitud fija 901004s1990 sp ||||1| spa d
020 ## - NÚMERO INTERNACIONAL ESTÁNDAR DEL LIBRO
Número Internacional Estándar del Libro 84-239-2222-7
080 ## - NÚMERO DE LA CLASIFICACIÓN DECIMAL UNIVERSAL
Número de la Clasificación Decimal Universal 32:92 Gorbachiov, Mijail
100 1# - ENTRADA PRINCIPAL--NOMBRE DE PERSONA
Nombre de persona Mezzetti, Fernando.
9 (RLIN) 80840
245 10 - MENCIÓN DEL TÍTULO
Título Gorbachov
Resto del título : la trama del cambio /
Mención de responsabilidad, etc. Fernando Mezzetti ; prologo de Miguel Solano Aza.
260 ## - PUBLICACIÓN, DISTRIBUCIÓN, ETC.
Lugar de publicación, distribución, etc. Madrid :
Nombre del editor, distribuidor, etc. Espasa-Calpe,
Fecha de publicación, distribución, etc. 1990.
300 ## - DESCRIPCIÓN FÍSICA
Extensión 516 p. :
Otras características físicas fot. bl. y n. ;
Dimensiones 24 cm.
490 1# - MENCIÓN DE SERIE
Mención de serie Biografias Espasa. Nuestro tiempo
600 14 - PUNTO DE ACCESO ADICIONAL DE MATERIA--NOMBRE DE PERSONA
Nombre de persona Gorbachiov, Mijail Sergueevich.
9 (RLIN) 59129
700 1# - ENTRADA AGREGADA--NOMBRE PERSONAL
Nombre de persona Solano Aza, Miguel,
Término indicativo de función/relación
9 (RLIN) 177832
830 0# - PUNTO DE ACCESO ADICIONAL DE SERIE-TÍTULO UNIFORME
Título uniforme Biografias Espasa. Nuestro tiempo
9 (RLIN) 177833
852 ## - LOCALIZACIÓN
Ubicación ES-MaACL
Número de control de estantería L-14452
Sublocalización o colección R.118238
Nota libre . - rust.
Holdings
Estatus retirado Estado de pérdida Estado de daño No para préstamo Biblioteca de origen Biblioteca actual Ubicación en estantería Fecha de adquisición Fuente de adquisición Total de préstamos Signatura topográfica completa Código de barras Visto por última vez Precio de reemplazo Tipo de ítem Koha
        Biblioteca del Ateneo de Madrid Biblioteca del Ateneo de Madrid Depósito 2 17/01/2008     L-14452 1007308 23/02/2023 23/02/2023 Libro impreso